LEADER 01193nam a2200265 4500 001 000000352891 003 CaOOAMICUS 005 20230209111832.0 008 230208s2021 it a 000 u ita r 020 $a978-88-6184-814-6 040 $aSeMil$bita 100 1 $aPalmisano, Stefania.$0(OLS)http://semarc/name/117118 245 10$aReligione sotto spirito :$bviaggio nelle nuove spiritualitą /$cStefania Palmisano, Nicola Pannofino. 264 1$aFirenze :$bMondadori Universitą,$c2021. 300 $aXXI, 178 p. :$bill. ;$c21 cm 490 1 $aSaggi oltre 650 4$aSpiritualitą - Pluralismo.$0(OLS)http://semarc/subject/43887 700 1 $aPannofino, Nicola,$d<1975- >.$0(OLS)http://semarc/name/117119 830 0$aSaggi oltre.$0(OLS)http://semarc/title/442838 850 $aSeMil 852 $aSeMil$W1$xVenegono$y1$m2C II 493$j237107$B244124$CSeMilBibl$Z2$F244124 $81 996 $6020$a978-88-6184-814-6$9(OLS)http://semarc/number/297617 996 $6245$aReligione sotto spirito :$bviaggio nelle nuove spiritualitą$9(OLS)http://semarc/title/442837 996 $6264$aFirenze :$bMondadori Universitą$9(OLS)http://semarc/publisher/56681 LEADER 01028nam a2200253 i 4500 001 000000044964 003 CaOOAMICUS 005 20100804000000.0 008 100804s1972 it u000 u ita u 013 $a16134 040 $aSeMil$bita 100 1 $aGius, Erminio.$0(OLS)http://semarc/name/10551 245 14$aUna messa a punto della omosessualitą /$cErminio Gius ; presentazione di Marc Oraison. 260 $aGenova :$bMarietti,$c1972. 300 $a296 p. ;$c25 cm. 490 0 $aCollana di medicina pastorale 650 4$aOmosessualitą.$0(OLS)http://semarc/subject/8978 700 1 $aOraison, Marc <1914->.$0(OLS)http://semarc/name/17176 830 0$aCollana di medicina pastorale.$0(OLS)http://semarc/title/31672 850 $aSeMil 852 $aSeMil$W1$xVenegono$y1$m2O III 316$j11119$B11119$CSeMilBibl$Z2$F11119 $81 961 $aOmaggio: Deposito 996 $6245$aUna messa a punto della omosessualitą$9(OLS)http://semarc/title/66712 996 $6260$aGenova :$bMarietti$9(OLS)http://semarc/publisher/29997